| 000 | 00640nam a2200217Ia 4500 | ||
|---|---|---|---|
| 005 | 20241129104150.0 | ||
| 008 | 241129s9999||||xx |||||||||||||| ||und|| | ||
| 020 | _a9781788827157 | ||
| 037 | _aTextual | ||
| 040 |
_aRTL _beng _cRTL |
||
| 041 |
_aeng _2eng |
||
| 084 |
_aX:89N1:(S:7) R2 _qRTL |
||
| 100 |
_aWalker Justin _9725064 |
||
| 245 | 0 |
_aBusiness communication and personality development _cWalker Justin |
|
| 260 |
_aLondon. ED-Tech Press _c2022 |
||
| 300 | _axvi,357p. | ||
| 365 |
_aINR _b14060.2 |
||
| 650 |
_aBusiness Communication _9431686 |
||
| 942 |
_cTB _hX:89N1:(S:7) R2 |
||
| 999 |
_c1224702 _d1224702 |
||